LEADER 00556nab a2200145 i 4500 001 000000289585 003 CaOOAMICUS 005 20180831165430.0 008 180831n xx uu u0 0und r 013 $a44298 040 $aSeMil$bita 245 10$a[vedi periodico]. 500 $aAvril-Juin 2016. 773 0 $t2016 : 2 Violences révolutionnaires ; Sociologie et histoire ; Écrire l'histoire des sciences ; Écritures.$dParis : Éd. de l'EHESS, copyr. 2016.$z978-2-7132-2512-3$z978-2-2009-3030-1$w()251134 996 $6245$a[vedi periodico]$9(OLS)http://semarc/title/309439 LEADER 01326nam a2200265 i 4500 001 000000125953 003 CaOOAMICUS 005 20040430000000.0 008 040430s1998 it u000 u ita u 013 $a98654 040 $aSeMil$bita 100 1 $aAssociazione Storica Archeologica «M. Bertolone» .$0(OLS)http://semarc/name/52316 245 10$aSesto Calende e dintorni :$bstudi storici in memoria di Elso Varalli /$cAssociazione Storica Archeologica "M. Bertolone", Angera, Amministrazione Comunale di Sesto Calende. 260 $aGavirate :$bNicolini,$c1998. 300 $a232 p. :$briccamente ill. ;$c24 cm. 490 0 $aMonografie della Società Storica Varesina ;$v3 650 4$aSesto Calende.$0(OLS)http://semarc/subject/11536 700 1 $aVaralli, Elso.$0(OLS)http://semarc/name/18776 710 0 $aAmministrazione Comunale di Sesto Calende.$0(OLS)http://semarc/name/52317 830 0$aMonografie della Società Storica Varesina ;$v3.$0(OLS)http://semarc/title/15257 850 $aSeMil 852 $aSeMil$W1$xVenegono$y1$m3P III 1$j80349$B80349$CSeMilBibl$Z2$F82975 $81 961 $aOmaggio: Altro 996 $6245$aSesto Calende e dintorni :$bstudi storici in memoria di Elso Varalli$9(OLS)http://semarc/title/185546 996 $6260$aGavirate :$bNicolini$9(OLS)http://semarc/publisher/32542